[Event "Quimper op 8th"]
[Site "Quimper"]
[Date "2017.11.02"]
[Round "5"]
[White "Ginovart, Camille"]
[Black "Le Guehennec, Jean Marc"]
[Result "1-0"]
[WhiteElo "1677"]
[BlackElo "1838"]
[PlyCount "122"]
[EventDate "2017.10.31"]
[EventType "swiss"]
[EventRounds "6"]
[EventCountry "FRA"]
[SourceTitle "EXT 2023"]
[Source "ChessBase"]
[SourceDate "2022.10.05"]
[SourceVersion "1"]
[SourceVersionDate "2022.10.05"]
[SourceQuality "1"]

1. d4 Nf6 2. Nf3 g6 3. e3 Bg7 4. c4 0-0 5. Bd3 d5 6. 0-0 c6 7. Qb3 Nbd7 8. Bd2 e6 9. Bc3 Ne4 10. Bb4 Re8 11. Nc3 a5 12. Ba3 dxc4 13. Bxc4 Nxc3 14. bxc3 b5 15. Bd3 Ba6 16. Nd2 c5 17. Bxb5 Rb8 18. c4 cxd4 19. exd4 Bxb5 20. cxb5 Qb6 21. Nc4 Qxb5 22. Qxb5 Rxb5 23. Nd6 Reb8 24. Nxb5 Rxb5 25. Rfd1 Rd5 26. Bb2 Nb6 27. Rac1 Bf8 28. Rd3 a4 29. g3 Rb5 30. Ba3 Bxa3 31. Rxa3 Rb2 32. Rc6 Rb4 33. Rac3 Kg7 34. R3c5 Nd5 35. Rc4 Rb1+ 36. Kg2 Nb6 37. R4c5 Rb4 38. a3 Rb3 39. Ra5 Kf6 40. Ra6 Nd5 41. Rxa4 Rd3 42. Ra5 Rxd4 43. Rc1 Rd2 44. Ra1 Nc3 45. Kf3 Rd3+ 46. Kf4 e5+ 47. Kg4 h5+ 48. Kh3 Ne2 49. Kg2 Rd2 50. Re1 e4 51. Kf1 Nc3 52. Re3 Rd1+ 53. Kg2 Rd3 54. Rc5 Na4 55. Rxd3 exd3 56. Rd5 Nb2 57. Kf3 Ke6 58. Rd8 Nc4 59. a4 f5 60. Rxd3 Ne5+ 61. Ke3 Nxd3 1-0

[Event "Quimper op 5th"]
[Site "Quimper"]
[Date "2014.10.31"]
[Round "2"]
[White "Le Guehennec, Jean Marc"]
[Black "Kerbaol, Jacques"]
[Result "1-0"]
[WhiteElo "1920"]
[BlackElo "1515"]
[PlyCount "69"]
[EventDate "2014.10.31"]
[EventType "swiss"]
[EventRounds "7"]
[EventCountry "FRA"]
[SourceTitle "EXT 2016"]
[Source "ChessBase"]
[SourceDate "2015.10.08"]
[SourceVersion "1"]
[SourceVersionDate "2015.10.08"]
[SourceQuality "1"]

1. Nf3 d5 2. g3 Nf6 3. c4 Bg4 4. Ne5 h5 5. Bg2 e6 6. Qb3 Qc8 7. Nxg4 hxg4 8. cxd5 Nxd5 9. Bxd5 exd5 10. Qxd5 Be7 11. Nc3 Nc6 12. a3 Bd6 13. Nb5 Qd7 14. Nxd6+ cxd6 15. d3 0-0-0 16. Bf4 Kb8 17. 0-0-0 g6 18. d4 Rh5 19. Qe4 f5 20. Qd3 g5 21. Bd2 Qf7 22. Kb1 Ne7 23. Rc1 Qd5 24. f3 Rdh8 25. e4 fxe4 26. fxe4 Qg8 27. Qc4 Qxc4 28. Rxc4 Rxh2 29. Rxh2 Rxh2 30. Bxg5 Nc6 31. Bf4 a6 32. Bxd6+ Ka7 33. d5 Na5 34. Rc3 Re2 35. b4 1-0

[Event "Quimper op 5th"]
[Site "Quimper"]
[Date "2014.10.31"]
[Round "3"]
[White "Le Tellec, Brice"]
[Black "Le Guehennec, Jean Marc"]
[Result "0-1"]
[WhiteElo "1564"]
[BlackElo "1920"]
[PlyCount "104"]
[EventDate "2014.10.31"]
[EventType "swiss"]
[EventRounds "7"]
[EventCountry "FRA"]
[SourceTitle "EXT 2016"]
[Source "ChessBase"]
[SourceDate "2015.10.08"]
[SourceVersion "1"]
[SourceVersionDate "2015.10.08"]
[SourceQuality "1"]

1. e4 e6 2. d4 d5 3. e5 c5 4. c3 Nc6 5. Bb5 a6 6. Bxc6+ bxc6 7. Be3 cxd4 8. Bxd4 c5 9. Be3 Qc7 10. Nf3 Ne7 11. 0-0 Ng6 12. Re1 Be7 13. Nbd2 0-0 14. Nf1 Rb8 15. Rb1 Qa5 16. a3 Bd7 17. Qd2 Qa4 18. Bg5 f6 19. exf6 gxf6 20. Bh6 Rf7 21. Ne3 Qc6 22. h4 Bf8 23. Ng4 e5 24. Ngh2 e4 25. h5 Ne7 26. Nh4 Bxh6 27. Qxh6 Rg7 28. Qf4 Re8 29. Re3 Qe6 30. Rg3 Qe5 31. Rxg7+ Kxg7 32. h6+ Kf7 33. Qe3 d4 34. cxd4 cxd4 35. f4 Qd5 36. Qg3 Rg8 37. Qf2 Bc6 38. f5 e3 39. Qf3 Qxf3 40. N2xf3 Bxf3 41. Nxf3 Nxf5 42. Rd1 Rd8 43. g4 Nxh6 44. Rxd4 Rxd4 45. Nxd4 Nxg4 46. b4 Ne5 47. Kf1 h5 48. a4 Kg6 49. b5 axb5 50. a5 Nc4 51. a6 b4 52. Ke2 h4 0-1